<?xml version="1.0" encoding="UTF-8"?><?xml-stylesheet type="text/xsl" href="static/style.xsl"?><OAI-PMH xmlns="http://www.openarchives.org/OAI/2.0/" xmlns:xsi="http://www.w3.org/2001/XMLSchema-instance" xsi:schemaLocation="http://www.openarchives.org/OAI/2.0/ http://www.openarchives.org/OAI/2.0/OAI-PMH.xsd"><responseDate>2026-06-05T04:37:31Z</responseDate><request verb="GetRecord" identifier="oai:riuma.uma.es:10630/46746" metadataPrefix="marc">https://riuma.uma.es/rest/oai/request</request><GetRecord><record><header><identifier>oai:riuma.uma.es:10630/46746</identifier><datestamp>2026-06-03T23:45:43Z</datestamp><setSpec>com_10630_2254</setSpec><setSpec>col_10630_37959</setSpec></header><metadata><record xmlns="http://www.loc.gov/MARC21/slim" xmlns:dcterms="http://purl.org/dc/terms/" xmlns:doc="http://www.lyncode.com/xoai" xmlns:xsi="http://www.w3.org/2001/XMLSchema-instance" xsi:schemaLocation="http://www.loc.gov/MARC21/slim http://www.loc.gov/standards/marcxml/schema/MARC21slim.xsd">
   <leader>00925njm 22002777a 4500</leader>
   <datafield ind2=" " ind1=" " tag="042">
      <subfield code="a">dc</subfield>
   </datafield>
   <datafield ind2=" " ind1=" " tag="720">
      <subfield code="a">Estrada Grijalba, Miguel</subfield>
      <subfield code="e">author</subfield>
   </datafield>
   <datafield ind2=" " ind1=" " tag="720">
      <subfield code="a">Pérez-Escribano, Mario</subfield>
      <subfield code="e">author</subfield>
   </datafield>
   <datafield ind2=" " ind1=" " tag="720">
      <subfield code="a">Martín-Guerrero, Teresa María</subfield>
      <subfield code="e">author</subfield>
   </datafield>
   <datafield ind2=" " ind1=" " tag="720">
      <subfield code="a">Abdo-Sánchez, María Elena</subfield>
      <subfield code="e">author</subfield>
   </datafield>
   <datafield ind2=" " ind1=" " tag="260">
      <subfield code="c">2026</subfield>
   </datafield>
   <datafield ind2=" " ind1=" " tag="520">
      <subfield code="a">This work presents the study of a non-reciprocal patch antenna based on a design from the literature that employs time modulation through varactors. The introduction of these nonlinear elements enables frequency conversion and breaks Lorentz reciprocity. This symmetry breaking opens up new possibilities, such as allowing an antenna array to exhibit different radiation patterns in transmission and reception, which, by adding a circulator, could enable simultaneous operation in both modes. A comprehensive simulation of the antenna is performed to identify the modifications required for optimal temporal modulation. As a main contribution, a novel feeding topology incorporating specialized filters is introduced. This proposed design outperforms existing state-of-the-art architectures by drastically reducing the required modulation voltage and enhancing the overall transmission efficiency. Furthermore, validating the complex non-linear behavior of this system presents a significant technical challenge. This is successfully addressed by implementing an advanced co-simulation framework between Ansys HFSS and Keysight ADS. Utilizing tools such as Transient, Harmonic Balance, and Large Signal S-Parameter Simulation (LSSP) analyses, the enhanced performance and correct operation of the proposed antenna are rigorously verified.</subfield>
   </datafield>
   <datafield ind1="8" ind2=" " tag="024">
      <subfield code="a">https://hdl.handle.net/10630/46746</subfield>
   </datafield>
   <datafield tag="653" ind2=" " ind1=" ">
      <subfield code="a">Antenas</subfield>
   </datafield>
   <datafield tag="653" ind2=" " ind1=" ">
      <subfield code="a">Electrónica - Aparatos e instrumentos</subfield>
   </datafield>
   <datafield ind2="0" ind1="0" tag="245">
      <subfield code="a">Antena de parche no recíproca usando modulaciones temporales.</subfield>
   </datafield>
</record>
</metadata></record></GetRecord></OAI-PMH>